Código de Comercio: concordado

Guardat en:
Dades bibliogràfiques
Autor principal: Mujica Valenzuela, Juan Francisco (autor)
Format: Llibre
Idioma:espanyol
Publicat: Santiago Impr. Nacional 1874
Matèries:
Etiquetes: Afegir etiqueta
Sense etiquetes, Sigues el primer a etiquetar aquest registre!

MARC

LEADER 00000nam a2200000 a 4500
001 UCY2984
003 CL-VaPUC
008 941205e18740000CL |||||||||||||||||spa|d
082 0 4 |a 346.07  |b MUJ  |2 21 
100 |a Mujica Valenzuela, Juan Francisco  |e autor  |9 509206 
245 1 0 |a Código de Comercio: concordado 
246 1 0 |a Mensaje del Ejecutivo al Congreso proponiendo la aprobación del código de Comercio i seguido de, los reglamentos de corredores, de martilleros i del rejistro de comercio 
300 |a 422 p 
942 |c BK 
945 |d 19941205 00:00:00  |a aalvarez 
260 |a Santiago  |b Impr. Nacional  |c 1874 
500 |a Concordancia con el código civil chileno y el código de comercio francés 
650 0 |a Derecho comercial   |9 256340 
651 7 |a CHILE  |2 CL-VaPUC  |9 331166 
583 |a last modification  |c 19941205 00:00:00  |k Rodrigo Vera 
999 |c 231240  |d 231238 
952 |0 0  |1 0  |2 ddc  |4 0  |5 1  |6 346_070000000000000_MUJ_1874  |7 1  |8 C_LRYV  |9 234247  |a FDOBRV  |b BIBDER  |d 2019-11-15  |i 3039927  |o 346.07 MUJ 1874  |p 3039927  |r 2023-01-25  |w 2019-11-15  |x Ubicación 4to Piso  |y BK_X  |z Estos recursos deben solicitarse con anticipación  |k BRV 
952 |0 0  |1 0  |2 ddc  |4 0  |5 1  |6 346_070000000000000_MUJ_1874  |7 1  |8 C_LRYV  |9 234248  |a FDOBRV  |b BIBDER  |d 2019-11-15  |i 3060802  |o 346.07 MUJ 1874  |p 3060802  |r 2023-01-25  |w 2019-11-15  |y BK_X  |k BRV 
952 |0 0  |1 0  |2 ddc  |4 0  |5 1  |6 346_070000000000000_MUJ_1874  |7 1  |8 C_LRYV  |9 234249  |a FDOBRV  |b BIBDER  |d 2019-11-15  |i 189255K  |o 346.07 MUJ 1874  |p 189255K  |r 2023-01-25  |w 2019-11-15  |x Ubicación 4to Piso  |y BK_X  |z Estos recursos deben solicitarse con anticipación  |k BRV 
952 |0 0  |1 0  |2 ddc  |4 0  |5 1  |6 346_070000000000000_MUJ_1874  |7 1  |8 C_LRYV  |9 234250  |a FDOBRV  |b BIBDER  |d 2019-11-15  |i 1951491  |o 346.07 MUJ 1874  |p 1951491  |r 2023-01-25  |w 2019-11-15  |y BK_X  |k BRV 
952 |0 0  |1 0  |2 ddc  |4 0  |5 1  |6 346_070000000000000_MUJ_1874  |7 1  |8 C_LRYV  |9 234251  |a FDOBRV  |b BIBDER  |d 2019-11-15  |i 1951718  |o 346.07 MUJ 1874  |p 1951718  |r 2023-01-25  |w 2019-11-15  |y BK_X  |k BRV